Tungsten and other refractory metals for VLSI applications 3 / (Record no. 11914)
[ view plain ]
| 000 -LEADER | |
|---|---|
| fixed length control field | 01965cas a2200397 a 4500 |
| 001 - CONTROL NUMBER | |
| control field | 11334157 |
| 005 - DATE AND TIME OF LATEST TRANSACTION | |
| control field | 20040118185306.0 |
| 008 - FIXED-LENGTH DATA ELEMENTS--GENERAL INFORMATION | |
| fixed length control field | 860109d198619uupauar1p 1 a0eng d |
| 010 ## - LIBRARY OF CONGRESS CONTROL NUMBER | |
| LC control number | 87657562 |
| Canceled/invalid LC control number | sn 86000037 |
| 022 0# - INTERNATIONAL STANDARD SERIAL NUMBER | |
| International Standard Serial Number | 0886-7860 |
| 035 ## - SYSTEM CONTROL NUMBER | |
| System control number | (OCoLC)ocm12995536 |
| 037 ## - | |
| -- | Materials Research Society, 9800 McKnight Rd., Suite 327, Pittsburgh, PA 15237 |
| 040 ## - CATALOGING SOURCE | |
| Original cataloging agency | NSDP |
| Transcribing agency | NSDP |
| Modifying agency | DLC |
| -- | NSDP |
| -- | DLC |
| -- | NST |
| -- | NSDP |
| -- | DLC |
| -- | NST |
| -- | DLC |
| -- | OCoLC |
| 042 ## - AUTHENTICATION CODE | |
| Authentication code | nsdp |
| -- | lc |
| 050 00 - LIBRARY OF CONGRESS CALL NUMBER | |
| Classification number | TK7871.15.T85 |
| Item number | W66a |
| 082 00 - DEWEY DECIMAL CLASSIFICATION NUMBER | |
| Classification number | 621.395 |
| Edition number | 22 |
| Item number | TUN |
| 111 2# - MAIN ENTRY--MEETING NAME | |
| Meeting name or jurisdiction name as entry element | Workshop on Tungsten and Other Refractory Metals for VLSI Applications. |
| 9 (RLIN) | 6516 |
| 210 0# - ABBREVIATED TITLE | |
| Abbreviated title | Tungsten other refract. metals VLSI appl. |
| 222 #0 - KEY TITLE | |
| Key title | Tungsten and other refractory metals for VLSI applications |
| 245 10 - TITLE STATEMENT | |
| Title | Tungsten and other refractory metals for VLSI applications 3 / |
| Statement of responsibility, etc | Editor Victor A. Wells |
| 260 ## - PUBLICATION, DISTRIBUTION, ETC. (IMPRINT) | |
| Place of publication, distribution, etc | Pittsburgh, Pa : |
| Name of publisher, distributor, etc | Materials Research Society, |
| Date of publication, distribution, etc | c1988 |
| 300 ## - PHYSICAL DESCRIPTION | |
| Extent | 428 p. : |
| Other physical details | ill. ; |
| Dimensions | 24 cm. |
| 310 ## - CURRENT PUBLICATION FREQUENCY | |
| Current publication frequency | Annual |
| 362 0# - DATES OF PUBLICATION AND/OR SEQUENTIAL DESIGNATION | |
| Dates of publication and/or sequential designation | [1] (1985)- |
| 500 ## - GENERAL NOTE | |
| General note | Issue for 1985 includes also proceedings of the 1984 workshop held by the Workshop under its earlier name: Workshop on Tungsten for VLSI Applications. |
| 590 ## - LOCAL NOTE (RLIN) | |
| Local note | SERBIB/SERLOC merged record |
| 650 #0 - SUBJECT ADDED ENTRY--TOPICAL TERM | |
| Topical term or geographic name as entry element | Integrated circuits |
| General subdivision | Very large scale integration |
| -- | Materials |
| Form subdivision | Congresses. |
| 9 (RLIN) | 6517 |
| 650 #0 - SUBJECT ADDED ENTRY--TOPICAL TERM | |
| Topical term or geographic name as entry element | Tungsten |
| Form subdivision | Congresses. |
| 9 (RLIN) | 6518 |
| 650 #0 - SUBJECT ADDED ENTRY--TOPICAL TERM | |
| Topical term or geographic name as entry element | Heat resistant alloys |
| Form subdivision | Congresses. |
| 9 (RLIN) | 6519 |
| 710 2# - ADDED ENTRY--CORPORATE NAME | |
| Corporate name or jurisdiction name as entry element | Materials Research Society. |
| 9 (RLIN) | 6520 |
| 711 2# - ADDED ENTRY--MEETING NAME | |
| Meeting name or jurisdiction name as entry element | Workshop on Tungsten for VLSI Applications. |
| 9 (RLIN) | 6521 |
| 785 00 - SUCCEEDING ENTRY | |
| Main entry heading | Workshop on Tungsten and Other Advanced Metals for VLSI/ULSI Applications. |
| Title | Tungsten and other advanced metals for VLSI/ULSI applications |
| International Standard Serial Number | 1048-0854 |
| Record control number | (DLC) 90641076 |
| -- | (OCoLC)20850304 |
| 942 ## - ADDED ENTRY ELEMENTS (KOHA) | |
| Source of classification or shelving scheme | Dewey Decimal Classification |
| Item type | Book - Borrowing |
| Withdrawn status | Item status | Source of classification or shelving scheme | Damaged status | Not for loan | Vendor | Home library | Current library | Shelving location | Date acquired | Source of acquisition | Cost, normal purchase price | Total Checkouts | Full call number | Barcode | Date last seen | Koha item type |
|---|---|---|---|---|---|---|---|---|---|---|---|---|---|---|---|---|
| Dewey Decimal Classification | Alef-Baa | Central Library | Central Library | First floor | 21/06/2009 | 150.00 | 621.395 TUN | 000017082 | 15/07/2025 | Book - Borrowing |